00577cam a22002291 4500001001300000003000400013005001700017008004100034010001700075035002000092040001800112042001200130050002100142100002900163245002100192260001100213300001900224500001400243500001300257600006000270999001700330sa 68001816 DLC20260227112437.0890328s1967 xx 000 0 tam  asa 68001816  a(OCoLC)23552688 aDLCcMiUdDLC apremarc00aPL4758.9.L38bP61 aLaxminarayanan, Yd1920-10aPonnakare celvi. c[1967] a248 p.c19 cm. aIn Tamil. aA novel.00aKulottungabI,cChola King,dactive 1070-1118vFiction. c78244d78244